Sobre la música
সংরক্ষণ করুন:
| প্রধান লেখক: | |
|---|---|
| বিন্যাস: | গ্রন্থ |
| ভাষা: | স্প্যানিশ |
| প্রকাশিত: |
Barcelona
Paidós
2000
|
| সংস্করন: | 1a. ed |
| মালা: | Colección Pensamiento Contemporáneo, 62
|
| বিষয়গুলি: | |
| ট্যাগগুলো: |
ট্যাগ যুক্ত করুন
কোনো ট্যাগ নেই, প্রথমজন হিসাবে ট্যাগ করুন!
|
MARC
| LEADER | 00000cam a2200000 a 4500 | ||
|---|---|---|---|
| 001 | UCF9999 | ||
| 003 | CL-VaPUC | ||
| 008 | 131227e20000000sp |||||||||||||||||spa|d | ||
| 020 | |a 9788449309311 | ||
| 082 | 0 | 4 | |a 780.729 |b ADO |2 21 |
| 100 | 0 | |a Adorno, Theodor Wiesengrund |e author |9 325578 | |
| 245 | 1 | 0 | |a Sobre la música |
| 250 | |a 1a. ed | ||
| 300 | |a 90 p | ||
| 942 | |c BK | ||
| 945 | |d 20131227 10:32:00 |a dcastane | ||
| 260 | |a Barcelona |b Paidós |c 2000 | ||
| 650 | 0 | |a Música |9 306269 | |
| 650 | 0 | |a Historia de la música |9 306741 | |
| 650 | 0 | |a Musicología |9 306520 | |
| 583 | |a last modification |c 20190624 10:24:47 |k Rodrigo Vera | ||
| 490 | 0 | |a Colección Pensamiento Contemporáneo, 62 | |
| 999 | |c 354322 |d 354320 | ||
| 952 | |0 0 |1 0 |3 erb |4 0 |6 780_729000000000000_ADO_2000 |7 0 |8 A |9 460105 |a BIBART |b BIBART |i 5037468 |o 780.729 ADO 2000 |p 5037468 |r 2025-03-13 |w 2019-11-23 |y BK |z Catalogado en:20131227 |k ART | ||